| 000 | 00733nam a2200241 u 4500 | ||
|---|---|---|---|
| 001 | 61727 | ||
| 005 | 20180714063456.0 | ||
| 008 | 141112s2009 mx r 000 0 spa d | ||
| 020 | _a968-19-1114-8 | ||
| 082 | 0 |
_a213 _bRAY |
|
| 100 | 1 |
_aRaymo, Chet _eautor |
|
| 245 | 1 | 0 |
_aEscépticos y creyentes : _bun análisis apasionante de la milenaria polémica entre ciencia y religión / _cChet Raymo. |
| 250 | _aPrimera edición | ||
| 264 | 1 |
_aMéxico : _bAguilar, _c2002 |
|
| 300 |
_a255 páginas ; _c23 cm. |
||
| 336 |
_atexto _2rdacontent |
||
| 337 |
_asin mediación _2rdamedia |
||
| 338 |
_avolumen _2rdacarrier |
||
| 650 | 0 | _aReligion y ciencia | |
| 650 | 0 | _aCreación | |
| 650 | 0 | _aEvolución | |
| 650 | 0 | _aFe | |
| 999 |
_c61727 _d61727 |
||